Statistics for Select All the Real Stumble Guys Maps

Click here to take the quiz!

General Stats

  • This quiz has been taken 31 times
    (30 since last reset)
  • The average score is 20 of 25

Answer Stats

QuestionTileSelect% Correct
the REAL Stumble Guys maps!Boardwalk SprintNo
92%
the REAL Stumble Guys maps!Frontline FumbleNo
92%
the REAL Stumble Guys maps!Laser DashYes
92%
the REAL Stumble Guys maps!Castle CrossingNo
88%
the REAL Stumble Guys maps!Desert RunNo
88%
the REAL Stumble Guys maps!Haunted HollowsNo
88%
the REAL Stumble Guys maps!Meteor MayhemNo
88%
the REAL Stumble Guys maps!Splash AttackNo
88%
the REAL Stumble Guys maps!Stumble CrumbleNo
88%
the REAL Stumble Guys maps!Zipline ZigzagNo
88%
the REAL Stumble Guys maps!Block Dash SupremeNo
83%
the REAL Stumble Guys maps!Lava RushYes
83%
the REAL Stumble Guys maps!Cannonball ChaosYes
79%
the REAL Stumble Guys maps!Jungle RollYes
79%
the REAL Stumble Guys maps!Lost TempleYes
79%
the REAL Stumble Guys maps!Rush HourYes
79%
the REAL Stumble Guys maps!SkyRocket RoyaleYes
79%
the REAL Stumble Guys maps!Space DropYes
79%
the REAL Stumble Guys maps!Humble StumbleYes
75%
the REAL Stumble Guys maps!NFL ScrambleYes
75%
the REAL Stumble Guys maps!Over & UnderYes
75%
the REAL Stumble Guys maps!Abducted AvenueYes
71%
the REAL Stumble Guys maps!Ice CarambaYes
71%
the REAL Stumble Guys maps!Super Paint SlideYes
71%
the REAL Stumble Guys maps!Burrito BonanzaYes
63%

Score Distribution

Percentile by Number Answered

Percent of People with Each Score

Your Score History

You have not taken this quiz since the last reset